|
|
|
|
| LEADER |
00000nkmaa2200000 a 4500 |
| 001 |
vtls011727989 |
| 003 |
SK-MaSNL |
| 005 |
20260331210821.0 |
| 007 |
kh bo |
| 008 |
230802s1884 rb | |||0 k|srp |
| 035 |
|
|
|a urn:nbn:sk:snk-km00crvu
|
| 035 |
|
|
|a urn:nbn:sk:snk-km3lrrh
|
| 035 |
|
|
|a 74094526-0A86-4A90-8998-44927F0015A3
|
| 040 |
|
|
|a SNKLA
|b slo
|c SNKLA
|e AACR2
|
| 041 |
0 |
|
|a srp
|
| 044 |
|
|
|a rb
|c RS
|
| 100 |
1 |
|
|a Kraljevački, Georg
|4 pht
|9 612047
|
| 245 |
1 |
0 |
|a [Šafárik, Pavol]
|h grafika
|
| 260 |
|
|
|a [S.l.
|b s.n.]
|c 1884
|
| 300 |
|
|
|a 1 fotografia
|b čb
|c 11 x 7 cm
|
| 520 |
2 |
|
|a Zobrazenie: Podobizeň dôstojníka Pavla Šafárika, syna Jána Šafárika z roku 1884.
|
| 600 |
1 |
7 |
|a Šafárik, Pavol
|2 SNKLA
|9 350552
|
| 655 |
|
7 |
|a portrétne fotografie
|2 SNKLA
|9 305796
|
| 852 |
7 |
|
|a Slovenská národná knižnica
|b Literárny archív
|
| 958 |
|
|
|a ZO
|
| 958 |
|
|
|a BLA
|
| 999 |
|
|
|c 939913
|d 941843
|
| 952 |
|
|
|a SNKLA
|b SNKLA
|c SNKLA_DEP
|y NEVYP
|7 0
|p 17A1226647
|o snkK 17/50
|i snkLA 2473/1960
|0 0
|1 0
|4 0
|d 2017-12-19
|f 1
|l 0
|r 2026-02-24 09:15:29
|w 2026-02-24
|